000 00757nam a2200277Ia 4500
005 20260320195740.0
008 008 262003s9999 xx 000 0 hin d
020 _a9789390971091
037 _aEBOOK
040 _aCRL
040 _bhin
040 _cCRL
041 _2hin
041 _ahin
084 _qCRL
100 _aगेब्रियल गार्सिया मार्केज़, अनु. मनीषा तनेजा
_91132995
245 0 _aएकाकीपन के सौ वर्ष
250 _a3rd
260 _bRajkamal
260 _c2021
300 _a440
856 _uhttps://ebook.indiaread.in/pdfs/Ekakipan_ke_Sau_Varsh.pdf
942 _cEBOOK
999 _c1716288
_d1716288